Statystyki dla Wymień wszystkich rywali w karierze Mariusza Pudzianowskiego.

Kliknij tutaj aby rozwiązać quiz!

Ogólne statystyki

  • Ten quiz został rozwiązany 32 razy
  • Średni wynik to 11 z 26

Statystyki odpowiedzi

Wygrana/PrzegranaRywal% Poprawnych
WygranaMarcin Najman
96%
PrzegranaMamed Khalidov
85%
WygranaMichał Materla
70%
WygranaPopek
63%
WygranaBombardier
59%
PrzegranaMarcin Rozalski
59%
WygranaŁukasz Jurkowski
48%
WygranaBob Sapp
41%
WygranaErko Jun
41%
PrzegranaJames Thompson
41%
No ContestJames Thompson
41%
PrzegranaKarol Bedorf
41%
WygranaOli Thompson
41%
WygranaTyberiusz Kowalczyk
41%
WygranaNikola Milanovic
37%
WygranaButterbean
33%
WygranaYusuke Kawaguchi
33%
WygranaJay Silva
30%
WygranaPawel Nastula
30%
PrzegranaTim Sylvia
30%
PrzegranaSzymon Kolecki
26%
PrzegranaPeter Graham
22%
PrzegranaSean McCorkle
22%
WygranaSean McCorkle
22%
WygranaRolles Gracie
19%
WygranaChristos Piliafas
4%

Rozkład punktacji

Percentyl według liczby udzielonych odpowiedzi

Procent ludzi z każdym wynikiem

Twoja historia wyników

Nie rozwiązałeś tego quizu